Bvaghāsā. (Record no. 80323)

MARC details
000 -LEADER
fixed length control field 00527cam a22002171 4500
001 - CONTROL NUMBER
control field sa 68004757
003 - CONTROL NUMBER IDENTIFIER
control field DLC
005 - DATE AND TIME OF LATEST TRANSACTION
control field 20260227112503.0
008 - FIXED-LENGTH DATA ELEMENTS--GENERAL INFORMATION
fixed length control field 941010q19581959np 000 0 newo
010 ## - LIBRARY OF CONGRESS CONTROL NUMBER
LC control number sa 68004757
025 ## - OVERSEAS ACQUISITION NUMBER
Overseas acquisition number PL480:N-266
035 ## - SYSTEM CONTROL NUMBER
System control number (OCoLC)31253095
040 ## - CATALOGING SOURCE
Original cataloging agency DLC
Transcribing agency CU
Modifying agency CU
-- DLC
042 ## - AUTHENTICATION CODE
Authentication code premarc
050 00 - LIBRARY OF CONGRESS CALL NUMBER
Classification number PL3801.N59
Item number N3
100 1# - MAIN ENTRY--PERSONAL NAME
Personal name Naḥghaḥbhanī, Tīrthalāla,
Dates associated with a name 1931-
245 10 - TITLE STATEMENT
Title Bvaghāsā.
260 ## - PUBLICATION, DISTRIBUTION, ETC.
Date of publication, distribution, etc. [1958 or 9]
300 ## - PHYSICAL DESCRIPTION
Extent 2, 61 p.
Dimensions 18 cm.
500 ## - GENERAL NOTE
General note In Newari.

No items available.

Powered by Koha